| 000 | 00729nam a2200217Ia 4500 | ||
|---|---|---|---|
| 003 | IN-BaIIA | ||
| 008 | 211028s9999 xx 000 0 eng d | ||
| 020 | _a0-521-24601-6 | ||
| 040 | _cIIA Library | ||
| 080 |
_a533:523.6 _bALP-2 |
||
| 100 |
_aAlpert , Ya. L. _913228 |
||
| 245 | 4 |
_aThe near-Earth and interplanetary plasma _bvol. 2, plasma flow, plasma waves and oscillations _cYa. L. Alpert |
|
| 260 |
_aCambridge _bCambridge University Press _c1983 |
||
| 300 | _ax, 259p. | ||
| 650 | _aAstronomy and astrophysics thesaurus | ||
| 650 |
_aIonized gases _91896 |
||
| 650 |
_aPlasma astrophysics _93786 |
||
| 650 |
_aPlasma flows _913229 |
||
| 650 |
_aPlasmas _91898 |
||
| 942 | _cBK | ||
| 999 |
_c7843 _d7843 |
||